[Event "13th Karpov GM"]
[Site "?"]
[Date "2012.10.06"]
[Round "?"]
[White "Short, Nigel D"]
[Black "Wang, Yue"]
[WhiteElo "2698"]
[BlackElo "2691"]
[Result "0-1"]

1. e4 e5 2. Nf3 Nf6 3. Nxe5 d6 4. Nf3 Nxe4 5. Bd3 Nf6 6. h3 Be7 7. c3 O-O 8. Bc2 b6 9. O-O Bb7 10. d4 Nbd7 11. Nbd2 Re8 12. Nc4 a5 13. Ne3 g6 14. Ba4 Bf8 15. Ng4 Nxg4 16. hxg4 Bg7 17. Bg5 Qc8 18. Bh4 h6 19. Rc1 Rb8 20. Nd2 Ba8 21. Bb5 c6 22. Bd3 c5 23. Bb5 Bc6 24. a4 d5 25. Qf3 Nf8 26. Bg3 Ra8 27. Nc4 Bxb5 28. Nd6 Qd7 29. axb5 cxd4 30. Nxe8 Rxe8 31. cxd4 Ne6 32. Qd3 Bxd4 33. b3 Bc5 34. Rfe1 Nd4 35. Rxe8+ Qxe8 36. Rxc5 bxc5 37. b6 Qc6 38. Qa6 Nb5 39. Qxa5 f6 40. Kh2 c4 41. bxc4 dxc4 42. Qd2 Qxb6 43. Qxh6 g5 44. f4 gxf4 45. Bh4 Qd6 46. Bxf6 Kf7 47. Qg7+ Ke6 48. Bh4 c3 49. Qh7 Nd4 50. Qg8+ Ke5 51. Qe8+ Kd5 52. Qa8+ Qc6 53. Qd8+ Kc4 54. Bf6 Ne2 55. Qd1 Qe4 56. Qa4+ Kd3 57. Qd7+ Nd4 58. Bxd4 Qxd4 59. Qb5+ Ke3 60. Qf1 c2 61. Qc1+ Qd2 62. Qa3+ Ke2 63. Qf3+ Ke1 64. Qe4+ Kd1 65. Qf3+ Qe2 66. Qd5+ Ke1 67. Qa5+ Qd2 68. Qe5+ Kd1 

0-1

[Event "13th Karpov GM"]
[Site "?"]
[Date "2012.10.07"]
[Round "?"]
[White "Wang, Yue"]
[Black "Jakovenko, Dmitry"]
[WhiteElo "2691"]
[BlackElo "2724"]
[Result "1/2-1/2"]

1. e4 e5 2. Nf3 Nc6 3. Bb5 Nf6 4. O-O Nxe4 5. d4 Nd6 6. Bxc6 dxc6 7. dxe5 Nf5 8. Qxd8+ Kxd8 9. Nc3 Ke8 10. h3 h5 11. Bg5 Be6 12. b3 Be7 13. Rad1 h4 14. Ne4 Rd8 15. Rxd8+ Bxd8 16. Rd1 Bxg5 17. Nexg5 Bd5 18. Rd3 Rh5 19. Kh2 f6 20. c4 Bxc4 21. bxc4 fxg5 22. Ra3 a6 23. c5 Nh6 24. g4 hxg3+ 25. Kxg3 g6 26. Rb3 Nf5+ 27. Kg4 Nh6+ 28. Kg3 Nf5+ 29. Kg4 

1/2-1/2

[Event "1nd China, League Rounds 1-4"]
[Site "?"]
[Date "2013.04.30"]
[Round "?"]
[White "Wang, Yue"]
[Black "Ji, Dan"]
[WhiteElo "2706"]
[BlackElo "2382"]
[Result "1-0"]

1. Nf3 c5 2. c4 Nc6 3. Nc3 e5 4. g3 g6 5. Bg2 Bg7 6. d3 d6 7. a3 h6 8. Rb1 a5 9. O-O Nge7 10. Ne1 Be6 11. Nc2 d5 12. cxd5 Nxd5 13. Ne3 Nde7 14. Bd2 O-O 15. Na4 b6 16. b4 cxb4 17. axb4 b5 18. Nc5 a4 19. Nxe6 fxe6 20. Nc2 Rc8 21. Na3 Qb6 22. e3 Nf5 23. Qe2 Nce7 24. Rfc1 Rxc1+ 25. Rxc1 Rc8 26. Rxc8+ Nxc8 27. Qf3 Na7 28. Qa8+ Kf7 29. h4 h5 30. Kf1 Bf6 31. Ke2 Nd6 32. Bc3 Qc7 33. Kd2 Qd7 34. Kc1 Ndc8 35. Kd2 Nb6 36. Qf3 Ke7 37. Qe4 Qd5 38. f4 Qxe4 39. dxe4 Nc4+ 40. Nxc4 bxc4 41. Bf1 Nb5 42. Bxe5 Bxe5 43. fxe5 Na3 44. Kc3 Nb1+ 45. Kc2 

1-0

[Event "1nd China, League Rounds 1-4"]
[Site "?"]
[Date "2013.05.01"]
[Round "?"]
[White "Jobava, Baadur"]
[Black "Wang, Yue"]
[WhiteElo "2702"]
[BlackElo "2706"]
[Result "1/2-1/2"]

1. b3 Nf6 2. Bb2 d5 3. e3 g6 4. Bxf6 exf6 5. d4 f5 6. Ne2 Nd7 7. g3 Nf6 8. Bg2 c6 9. O-O h5 10. c4 h4 11. Nbc3 Ne4 12. cxd5 cxd5 13. Rc1 Ba3 14. Rc2 Qa5 15. Qa1 hxg3 16. hxg3 Be6 17. Nxe4 fxe4 18. Nf4 Rc8 19. Qe1 Bb4 20. Qe2 Rxc2 21. Qxc2 Bf5 22. a3 Bd6 23. b4 Qb5 24. Rc1 Bxf4 25. gxf4 O-O 26. Qc5 Qd7 27. Qc7 Bg4 

1/2-1/2

[Event "1nd China, League Rounds 1-4"]
[Site "?"]
[Date "2013.05.03"]
[Round "?"]
[White "Wang, Yue"]
[Black "Wang, Rui"]
[WhiteElo "2706"]
[BlackElo "2408"]
[Result "1-0"]

1. c4 Nf6 2. Nc3 c5 3. Nf3 Nc6 4. g3 d5 5. cxd5 Nxd5 6. Bg2 Nc7 7. O-O e5 8. a3 Be7 9. b4 cxb4 10. axb4 a6 11. b5 axb5 12. Rxa8 Nxa8 13. Nxb5 O-O 14. d3 Be6 15. Bd2 Nc7 16. Nxc7 Qxc7 17. Qa1 Rb8 18. Rc1 Qd6 19. Be3 Qa3 20. Qb1 Ba2 21. Qb6 Qb4 22. Nd2 Qxb6 23. Bxb6 Be6 24. Rb1 Bd8 25. Be3 Bd7 26. Nc4 Bc7 27. Bb6 Bxb6 28. Rxb6 f6 29. f4 exf4 30. gxf4 Kf7 31. Kf2 Ke7 32. Bxc6 Bxc6 33. Na5 Rc8 34. Nxb7 f5 35. Na5 Bd5 36. Rb5 Ke6 37. Ke3 Rc2 38. h4 g6 39. Kd4 Bh1 40. Re5+ Kf6 41. Nc4 Ra2 42. Ke3 Bg2 43. Kf2 Bc6 44. Rc5 Ba4 45. Ne3 Bb3 46. Rc7 h6 47. Rc6+ Kg7 48. h5 Bf7 49. Rc7 Kf8 50. Rc5 Ra4 51. Nc4 Bxc4 52. dxc4 gxh5 53. Rxf5+ Kg7 54. Rxh5 Rxc4 55. Kf3 Kg6 56. Ra5 h5 57. Ra6+ Kg7 58. f5 Rc3+ 59. e3 Kh7 60. Rg6 Rc4 61. e4 Rc3+ 62. Kf4 h4 63. Rg4 h3 64. Ke5 Ra3 65. Kf4 Rb3 66. Rh4+ Kg7 67. Rh5 Ra3 68. e5 Rb3 69. Kg4 Re3 70. e6 Kf6 71. Rh6+ Ke5 72. e7 Kd5 73. f6 

1-0

[Event "Ningbo China, Yinzhou Cup Rapid"]
[Site "?"]
[Date "2013.07.25"]
[Round "?"]
[White "Kaidanov, Gregory S"]
[Black "Wang, Yue"]
[WhiteElo "2577"]
[BlackElo "2705"]
[Result "0-1"]

1. e4 c5 2. c3 d5 3. exd5 Qxd5 4. d4 Nc6 5. Nf3 Bf5 6. Na3 cxd4 7. Nb5 O-O-O 8. cxd4 e5 9. Nc3 Qa5 10. d5 Nf6 11. Bc4 Nxd5 12. Bxd5 Bb4 13. O-O Bxc3 14. bxc3 Qxd5 15. Qa4 Bd3 16. Re1 Qc4 17. Qa3 Rd5 18. Be3 Rhd8 19. Nd2 Qa6 20. Qb2 Bc4 21. Nb3 b6 22. f3 f6 23. Qf2 R5d7 24. Qh4 Bg8 25. f4 Qc4 26. Qg3 Be6 27. fxe5 fxe5 28. h3 Rd3 29. Rac1 Qe4 30. Qf2 Qg6 31. Kh2 Qf7 32. Qh4 Bc4 33. Bg5 R8d7 34. Rf1 Qg8 35. Qe4 Kc7 36. Rf2 h6 37. Bh4 Qd5 38. Qg6 Qe6 39. Qe4 a5 40. Rcc2 g5 41. Bg3 Rxg3 42. Kxg3 Bd3 43. Qe3 e4 44. Kh2 Qe5+ 45. g3 Bxc2 46. Rxc2 Rd3 47. Qe1 h5 48. Re2 h4 49. Rxe4 Qxg3+ 

0-1

[Event "Ningbo China, Yinzhou Cup Rapid"]
[Site "?"]
[Date "2013.07.26"]
[Round "?"]
[White "Wang, Yue"]
[Black "Robson, Ray"]
[WhiteElo "2705"]
[BlackElo "2628"]
[Result "1/2-1/2"]

1. c4 Nf6 2. Nc3 c6 3. d4 d5 4. cxd5 cxd5 5. Bf4 Nc6 6. e3 Bf5 7. Rc1 Rc8 8. Nf3 e6 9. Qb3 Bb4 10. Bb5 Bxc3+ 11. Qxc3 O-O 12. O-O Nh5 13. Bxc6 Rxc6 14. Qd2 Nxf4 15. exf4 Rxc1 16. Rxc1 Be4 17. Ne5 Qd6 18. g3 h6 19. a3 f6 20. Nd3 b6 21. Qc3 Qd7 22. Nb4 a5 23. Na2 e5 24. f3 exd4 25. Qb3 Bg6 26. Qxb6 d3 27. Qd4 Qb5 

1/2-1/2

[Event "Ningbo China, Yinzhou Cup Rapid"]
[Site "?"]
[Date "2013.07.26"]
[Round "?"]
[White "Shankland, Samuel L"]
[Black "Wang, Yue"]
[WhiteElo "2599"]
[BlackElo "2705"]
[Result "1-0"]

1. d4 Nf6 2. c4 g6 3. Nc3 d5 4. Nf3 Bg7 5. Qb3 dxc4 6. Qxc4 O-O 7. e4 Nc6 8. Be2 Bg4 9. d5 Bxf3 10. gxf3 Ne5 11. Qb3 c6 12. f4 Ned7 13. dxc6 bxc6 14. O-O e5 15. fxe5 Nxe5 16. f4 Qd4+ 17. Kh1 Nd3 18. e5 Nh5 19. Bxh5 gxh5 20. Qc2 Kh8 21. Qe2 Rad8 22. Be3 Qb4 23. Rab1 f6 24. e6 f5 25. Bc5 Qxc5 26. e7 Qd4 27. Rbd1 c5 28. Rd2 c4 29. Qxh5 Qb6 30. Qf3 Rfe8 31. exd8=Q Rxd8 32. Rg2 Nxb2 33. Rfg1 Nd3 34. Rxg7 Nf2+ 35. Kg2 Ng4 36. Rxg4 fxg4 37. Qe4 Qf6 38. Qe5 Qxe5 39. fxe5 Rd3 40. Ne4 Re3 41. Ng3 Rxe5 42. Rc1 Rc5 43. Rc2 h5 44. Ne4 Re5 45. Rxc4 h4 46. Nf2 

1-0

[Event "Ningbo China, Yinzhou Cup Rapid"]
[Site "?"]
[Date "2013.07.26"]
[Round "?"]
[White "Wang, Yue"]
[Black "Kaidanov, Gregory S"]
[WhiteElo "2705"]
[BlackElo "2577"]
[Result "1-0"]

1. c4 e6 2. Nf3 d5 3. g3 Nf6 4. Bg2 dxc4 5. Qa4+ Nbd7 6. Qxc4 a6 7. Qb3 Rb8 8. a4 b6 9. O-O Bb7 10. Nc3 Be7 11. d3 O-O 12. Bf4 Bd6 13. Bg5 h6 14. Bxf6 Qxf6 15. Nd2 Bxg2 16. Kxg2 Qe7 17. Rfc1 c5 18. Nce4 Be5 19. Nf3 f5 20. Ned2 Bf6 21. Rc2 Kh8 22. Re1 b5 23. e4 fxe4 24. Nxe4 bxa4 25. Qxa4 Bxb2 26. Qxa6 Qf7 27. Ng1 Bd4 28. Qa7 Ne5 29. Qxf7 Rxf7 30. Rd1 Rb3 31. Rcd2 Kh7 32. Ne2 Nf3 33. Nxd4 cxd4 34. Re2 e5 35. h4 g5 36. hxg5 hxg5 37. Nd6 Rf6 38. Nc4 Kg6 39. Nxe5+ Nxe5 40. Rxe5 Rb2 41. Kh3 Rfxf2 42. Kg4 Rbd2 43. Rxg5+ Kf6 44. Rf5+ Rxf5 45. Rxd2 Rf1 46. Re2 Rd1 47. Rf2+ Ke5 48. Rf5+ Ke6 49. Rf3 Re1 50. Kf4 Kf6 51. g4 Re2 52. Rh3 Kg6 53. g5 Kg7 54. Kg4 Rg2+ 55. Kf5 Re2 56. Rh4 Ra2 57. Rxd4 Ra5+ 58. Kg4 Kg6 59. Rd6+ Kg7 60. Kh5 Ra7 61. d4 Rb7 62. d5 Rb1 63. Rd7+ Kf8 64. Kg6 Rd1 65. d6 Ke8 66. Re7+ Kf8 67. Re6 Rd2 68. Rf6+ Kg8 69. Kf5 Kg7 70. Ke6 Rg2 71. Rf5 

1-0

[Event "Ningbo China, Yinzhou Cup Rapid"]
[Site "?"]
[Date "2013.07.27"]
[Round "?"]
[White "Lenderman, Aleksandr"]
[Black "Wang, Yue"]
[WhiteElo "2548"]
[BlackElo "2705"]
[Result "1/2-1/2"]

1. d4 d5 2. c4 c6 3. Nf3 Nf6 4. Nc3 dxc4 5. a4 Bf5 6. Ne5 Nbd7 7. Nxc4 Nb6 8. Ne5 a5 9. g3 e6 10. Bg2 Bb4 11. O-O O-O 12. e3 h6 13. Qe2 Nfd7 14. Nxd7 Nxd7 15. e4 Bg6 16. Rd1 Qe7 17. Be3 Rfd8 18. f4 Nf6 19. Bf2 Bh5 20. Bf3 Bxf3 21. Qxf3 Rd7 22. Rd3 Rad8 23. Rad1 Ne8 24. d5 exd5 25. exd5 Nf6 26. dxc6 Rxd3 27. Rxd3 Rxd3 28. Qxd3 bxc6 29. Qf5 Qd8 30. Kg2 Qd2 31. Qc8+ Bf8 32. Qxc6 Qxb2 33. h3 Qc2 34. g4 Bb4 35. g5 hxg5 36. fxg5 Qxc3 37. Qxc3 Bxc3 38. gxf6 Bxf6 39. Be1 Bd8 40. Kf3 Kh7 41. Ke4 Kg6 42. Kd5 f5 43. Bd2 Kh5 44. Ke6 g6 45. Kd7 Bg5 46. Bxa5 Be3 47. Be1 f4 48. a5 f3 49. a6 f2 50. Bxf2 Bxf2 51. Ke6 Kg5 52. Ke5 Ba7 53. Ke6 Bb8 54. Kf7 Kf5 55. Kg7 Ba7 56. Kf7 Bd4 57. Ke7 Kg5 58. Kf7 Kh6 59. Ke6 Kg7 60. Kd5 Ba7 61. Ke6 Kg8 62. Kf6 Kh7 63. Ke6 Kg7 64. Ke7 Kh6 65. Kf7 Kg5 66. Ke6 Bb8 67. Kf7 Kf5 68. Kg7 Be5+ 69. Kf7 Bd4 70. Ke7 g5 71. Kf7 Ba7 72. Kg7 Bb6 73. Kf7 Kf4 74. Kg6 Bd4 75. Kf7 Kg3 76. Kg6 Kh4 77. Kh6 Ba7 78. Kg6 Be3 79. Kf5 Kh5 80. Ke4 Ba7 81. Kf5 Kh6 82. Kg4 Kg6 83. h4 gxh4 84. Kxh4 

1/2-1/2

[Event "3rd Shenzhen China, Rapid Championship"]
[Site "?"]
[Date "2013.07.30"]
[Round "?"]
[White "Wang, Yue"]
[Black "Xiu, Deshun"]
[WhiteElo "2743"]
[BlackElo "2558"]
[Result "1-0"]

1. Nf3 c5 2. c4 g6 3. g3 Bg7 4. Bg2 Nc6 5. Nc3 d6 6. O-O Nh6 7. a3 a5 8. Rb1 O-O 9. b3 Bf5 10. e4 Bg4 11. h3 Bxf3 12. Qxf3 f5 13. exf5 Nxf5 14. Qd1 Qd7 15. Nd5 Rae8 16. b4 axb4 17. axb4 e6 18. Nb6 Qc7 19. bxc5 dxc5 20. Na4 h5 21. Nxc5 Bd4 22. Nb3 Nxg3 23. Nxd4 Nxd4 24. fxg3 Qxg3 25. Bb2 Rxf1+ 26. Qxf1 Rf8 27. Qxf8+ Kxf8 28. Bxd4 Qd3 29. Rf1+ Kg8 30. Be3 Qxc4 31. Bxb7 g5 32. Bg2 Qh4 33. Rc1 g4 34. hxg4 hxg4 35. Rf1 Qg3 36. Bf4 Qh4 37. d4 Qd8 38. Be5 Qg5 39. Rf4 Qh4 40. Kf1 Qg5 41. Kg1 Qh4 42. Re4 Qg5 43. Bf1 Kf7 44. Rf4+ Ke7 45. Be2 g3 46. Bf6+ Qxf6 47. Rxf6 Kxf6 48. Bg4 e5 49. d5 e4 50. Kg2 Ke5 51. Be6 

1-0

[Event "3rd Shenzhen China, Rapid Championship"]
[Site "?"]
[Date "2013.07.31"]
[Round "?"]
[White "Wang, Yue"]
[Black "Zhou, Jianchao"]
[WhiteElo "2743"]
[BlackElo "2637"]
[Result "1/2-1/2"]

1. d4 Nf6 2. Nf3 e6 3. g3 c5 4. Bg2 b6 5. c4 Bb7 6. d5 exd5 7. Nh4 g6 8. cxd5 d6 9. Nc3 Bg7 10. O-O O-O 11. Bf4 Nh5 12. Bd2 Re8 13. Re1 Ba6 14. Nf3 b5 15. e4 Nd7 16. a3 Qc7 17. Rc1 Rac8 18. Bh3 Rb8 19. b4 Nhf6 20. Bf1 Qb6 21. h3 Re7 22. Rb1 c4 23. Be3 Qc7 24. Bd4 Bc8 25. Bg2 a6 26. a4 Re8 27. axb5 axb5 28. Ra1 Ne5 29. Ra7 Qd8 30. Nxe5 dxe5 31. Bc5 Bf8 32. Bxf8 Rxf8 33. Qa1 Ne8 34. Qa5 Qxa5 35. Rxa5 Nd6 36. Rea1 Rd8 37. h4 Kf8 38. f4 f6 39. Kf2 Ke7 40. Bf3 Bd7 41. Ke3 h6 42. Ra7 Rb7 43. Rxb7 Nxb7 44. Ra7 Rb8 45. Ra6 Nd6 46. Ra7 Nc8 47. Ra5 Nd6 48. Ra1 g5 49. hxg5 hxg5 50. fxg5 fxg5 51. Rh1 Nf7 52. Rh7 Rh8 53. Rxh8 Nxh8 54. Bh5 Nf7 55. Bxf7 Kxf7 56. Nb1 g4 57. Na3 Ke7 58. Nc2 Kd6 59. Kd2 Ke7 60. Ne3 Kd6 61. Ng2 Ke7 62. Nh4 Kf6 

1/2-1/2

[Event "3rd Shenzhen China, Rapid Championship"]
[Site "?"]
[Date "2013.07.31"]
[Round "?"]
[White "Li, Chao B"]
[Black "Wang, Yue"]
[WhiteElo "2602"]
[BlackElo "2743"]
[Result "1/2-1/2"]

1. e4 e5 2. Nf3 Nf6 3. Nxe5 d6 4. Nf3 Nxe4 5. Qe2 Qe7 6. d3 Nf6 7. Bg5 Qxe2+ 8. Bxe2 Be7 9. Nbd2 Nd5 10. Bxe7 Nxe7 11. O-O-O Nbc6 12. Rhe1 Bd7 13. d4 O-O-O 14. Bc4 d5 15. Bd3 Rde8 16. c3 Bf5 17. Bxf5+ Nxf5 18. Rxe8+ Rxe8 19. Re1 Rxe1+ 20. Nxe1 Nd8 21. Nd3 Ne6 22. Nf1 f6 23. Kd2 Kd7 24. Ne3 Nxe3 25. Kxe3 c6 26. b4 b5 27. Nf4 Nxf4 28. Kxf4 Ke6 29. g4 g5+ 30. Ke3 h6 31. h3 f5 32. f3 f4+ 33. Kd3 Kd7 

1/2-1/2

[Event "3rd Shenzhen China, Rapid Championship"]
[Site "?"]
[Date "2013.08.01"]
[Round "?"]
[White "Wang, Yue"]
[Black "Ni, Hua"]
[WhiteElo "2743"]
[BlackElo "2660"]
[Result "1/2-1/2"]

1. d4 d5 2. c4 c6 3. Nf3 Nf6 4. Nc3 dxc4 5. a4 e6 6. e3 c5 7. Bxc4 Nc6 8. O-O Be7 9. Qe2 cxd4 10. Rd1 O-O 11. exd4 Nd5 12. Bd2 Ncb4 13. Rac1 Bd7 14. Ne5 Bc6 15. Nxc6 bxc6 16. Ne4 a5 17. b3 Na2 18. Ra1 Nab4 19. Rac1 Na2 20. Ra1 Nab4 21. Rac1 

1/2-1/2

[Event "3rd Shenzhen China, Rapid Championship"]
[Site "?"]
[Date "2013.08.01"]
[Round "?"]
[White "Yu, Yangyi"]
[Black "Wang, Yue"]
[WhiteElo "2675"]
[BlackElo "2743"]
[Result "1/2-1/2"]

1. e4 c5 2. Nf3 e6 3. g3 Nc6 4. Bg2 d5 5. exd5 exd5 6. O-O Bd6 7. d4 Nge7 8. Nc3 Bg4 9. h3 cxd4 10. hxg4 dxc3 11. bxc3 O-O 12. Qd3 Qc7 13. Rb1 Rad8 14. Re1 b6 15. Ng5 g6 16. Nf3 Ne5 17. Nxe5 Bxe5 18. Bd2 Bg7 19. Bf4 Qd7 20. Rbd1 Rfe8 21. Bf3 Qc8 22. Bg5 Qc7 23. Kg2 h6 24. Bxe7 Rxe7 25. Rxe7 Qxe7 26. Bxd5 Kf8 27. c4 Bf6 28. Rd2 Re8 29. Qf3 Kg7 30. Bc6 Rd8 31. Re2 Qc7 32. Bd5 Rd7 33. Re8 Re7 34. Ra8 a5 35. Qa3 Bd4 36. Qf3 Qe5 37. Rd8 Bc5 38. a4 

1/2-1/2

[Event "World Cities Team GpF"]
[Site "?"]
[Date "2012.12.22"]
[Round "?"]
[White "Ivanisevic, Ivan"]
[Black "Wang, Yue"]
[WhiteElo "2633"]
[BlackElo "2696"]
[Result "1/2-1/2"]

1. d4 d5 2. c4 c6 3. cxd5 cxd5 4. Bf4 Nc6 5. e3 Nf6 6. Nc3 Bf5 7. Rc1 Qb6 8. Bb5 e6 9. Nf3 Be7 10. Ne5 O-O 11. Bxc6 bxc6 12. O-O Qxb2 13. g4 Bg6 14. Na4 Qb5 15. Qb3 Qxb3 16. axb3 Rfc8 17. f3 Ne8 18. Rxc6 Bf8 19. Rfc1 Rxc6 20. Rxc6 Bb1 21. Nc5 Bxc5 22. Rxc5 f6 23. Nc6 a6 24. h4 Bd3 25. g5 Kf7 26. Kf2 Bb5 27. e4 dxe4 28. fxe4 e5 29. Be3 Nd6 30. Kf3 exd4 31. Nxd4 Re8 32. Rd5 Nxe4 33. Nxb5 axb5 34. Rxb5 fxg5 

1/2-1/2

[Event "World Cities Team GpF"]
[Site "?"]
[Date "2012.12.23"]
[Round "?"]
[White "Wang, Yue"]
[Black "Shoker, Samy"]
[WhiteElo "2696"]
[BlackElo "2490"]
[Result "1-0"]

1. Nf3 Nf6 2. g3 g6 3. Bg2 Bg7 4. c4 c5 5. Nc3 Nc6 6. O-O O-O 7. d4 cxd4 8. Nxd4 Qa5 9. Nb3 Qh5 10. Nd5 d6 11. Nf4 Qe5 12. Nd3 Qh5 13. Bd2 e5 14. f3 g5 15. Nf2 a5 16. a4 Be6 17. Rc1 Rfc8 18. e4 Nd7 19. Be3 Bf8 20. Nd2 Be7 21. Nb1 Bd8 22. Qxd6 Be7 23. Qd1 Bc5 24. Bxc5 Nxc5 25. Nc3 Nd4 26. Nd5 Bxd5 27. cxd5 f6 28. Ng4 Kg7 29. Ne3 b6 30. Kh1 Qe8 31. Rc4 Ncb3 32. f4 Rxc4 33. Nxc4 Nc5 34. fxe5 fxe5 35. Qg4 h6 36. h4 Qe7 37. d6 Qd7 38. Nxe5 Qxd6 39. Qh5 Rf8 40. Rxf8 

1-0

[Event "Chinese Teams"]
[Site "?"]
[Date "2013.08.04"]
[Round "?"]
[White "Li, Chao B"]
[Black "Wang, Yue"]
[WhiteElo "2693"]
[BlackElo "2713"]
[Result "1/2-1/2"]

1. e4 e5 2. Nf3 Nf6 3. Nxe5 d6 4. Nf3 Nxe4 5. Nc3 Nxc3 6. dxc3 Nc6 7. Be3 Be7 8. Qd2 Be6 9. O-O-O Qd7 10. Kb1 Bf6 11. h4 h6 12. Nd4 Bxd4 13. cxd4 d5 14. Bb5 O-O-O 15. Qc3 a6 16. Bxc6 Qxc6 17. Qxc6 bxc6 18. Rde1 Rde8 19. f3 h5 20. Bf4 Bd7 21. Kc1 Rxe1+ 22. Rxe1 Re8 23. Rxe8+ Bxe8 24. Kd2 Bd7 25. b3 Bf5 26. a4 Kd7 27. b4 f6 28. a5 Be6 29. Be3 Bf5 

1/2-1/2

[Event "26th Universiade Men"]
[Site "?"]
[Date "2011.08.15"]
[Round "?"]
[White "Wang, Yue"]
[Black "Benidze, Davit"]
[WhiteElo "2709"]
[BlackElo "2514"]
[Result "1-0"]

1. d4 Nf6 2. c4 e6 3. g3 Bb4+ 4. Bd2 Qe7 5. Bg2 d5 6. Nf3 Bxd2+ 7. Nbxd2 O-O 8. O-O Nbd7 9. Qc2 c6 10. e4 dxe4 11. Nxe4 e5 12. Rae1 exd4 13. Nxd4 Nc5 14. Nc3 Qd8 15. Rd1 Qb6 16. b3 Bg4 17. f3 Bh5 18. Nce2 Bg6 19. Qc3 a5 20. a3 Rfe8 21. Nf4 Rad8 22. Kh1 Na6 23. g4 Qc5 24. h4 Qe5 25. Nh3 c5 26. Nb5 Qxc3 27. Nxc3 Bc2 28. Rxd8 Rxd8 29. g5 Nh5 30. Kh2 Bxb3 31. Rb1 Bxc4 32. Rxb7 g6 33. Ra7 f5 34. gxf6 Nxf6 35. Ng5 Rd7 36. Ra8+ Kg7 37. Nce4 h6 38. Bh3 Rb7 

1-0

[Event "26th Universiade Men"]
[Site "?"]
[Date "2011.08.16"]
[Round "?"]
[White "Czarnota, Pawel"]
[Black "Wang, Yue"]
[WhiteElo "2541"]
[BlackElo "2709"]
[Result "1/2-1/2"]

1. e4 c5 2. Nf3 Nc6 3. d4 cxd4 4. Nxd4 e5 5. Nb5 d6 6. c4 Be7 7. Bd3 a6 8. N5c3 Bg5 9. Na3 Bxc1 10. Rxc1 Nf6 11. O-O O-O 12. Nc2 Be6 13. Qd2 Rc8 14. Rfd1 Qb6 15. b3 Rfd8 16. Be2 h6 17. h3 Kh7 18. Bf1 g6 19. b4 Kg7 20. a3 Qa7 21. Re1 Ne7 22. Ne3 Nc6 23. Nc2 Nd7 24. Nd5 Bxd5 25. exd5 Ne7 26. Ne3 Nf6 27. Qb2 b6 28. Kh2 h5 29. Bd3 a5 30. f4 exf4 31. Rf1 axb4 32. Rxf4 Ng8 33. axb4 b5 34. c5 dxc5 35. bxc5 Rxc5 36. Qd4 Rc7 37. Qxa7 Rxa7 38. Bxb5 Re7 39. Rf3 Ne4 40. Bc6 Nd2 41. Rf2 Rxe3 42. Rxd2 Rd6 43. Rcc2 h4 44. Re2 Rxe2 45. Rxe2 Nf6 46. Re5 Nh5 47. Kg1 Rf6 48. Re1 Ng3 49. Rd1 Ne2+ 50. Kh2 Rd6 51. Rd2 Ng3 52. Kg1 Kf6 53. Rd1 Ke5 54. Kf2 Kf4 55. Rd3 f5 56. Rf3+ Ke5 57. Re3+ Ne4+ 58. Kf3 Kf6 59. Re2 Nc3 60. Rd2 Ke5 61. Rd3 Ne4 62. Re3 g5 63. Re1 Kf6 64. Ke3 Rd8 65. Rb1 Nc3 66. Rb3 Nxd5+ 67. Bxd5 Rxd5 68. Rb6+ Kf7 69. Ra6 Re5+ 70. Kf3 Re6 71. Ra8 Rb6 72. Rc8 Kf6 73. Rg8 Ra6 74. Kf2 Ra4 75. Kf3 Ra3+ 76. Kf2 Ra7 77. Kf3 Rb7 78. Rf8+ Ke5 79. Re8+ Kd4 80. Rd8+ Ke5 

1/2-1/2

[Event "26th Universiade Men"]
[Site "?"]
[Date "2011.08.16"]
[Round "?"]
[White "Wang, Yue"]
[Black "Bulski, Krzysztof"]
[WhiteElo "2709"]
[BlackElo "2479"]
[Result "1/2-1/2"]

1. Nf3 Nf6 2. c4 g6 3. Nc3 d5 4. cxd5 Nxd5 5. d4 Bg7 6. e4 Nxc3 7. bxc3 c5 8. Rb1 O-O 9. Be2 Nc6 10. d5 Ne5 11. Nxe5 Bxe5 12. Qd2 e6 13. f4 Bc7 14. O-O exd5 15. exd5 Ba5 16. Bf3 Rb8 17. Ba3 Bf5 18. Rbc1 b6 19. Rfe1 Qd6 20. Qe3 f6 21. Qe7 Qxe7 22. Rxe7 Rf7 23. Re3 Rd8 24. Rce1 Bc8 25. Bb2 Ba6 26. Re8+ Rf8 27. R8e7 Rf7 28. Re8+ Rf8 29. Rxd8 Rxd8 30. Re7 Bc4 31. h4 Bxd5 32. Bxd5+ Rxd5 33. c4 Rd6 34. Rxa7 

1/2-1/2

[Event "26th Universiade Men"]
[Site "?"]
[Date "2011.08.18"]
[Round "?"]
[White "Michalik, Peter"]
[Black "Wang, Yue"]
[WhiteElo "2505"]
[BlackElo "2709"]
[Result "0-1"]

1. c4 Nf6 2. Nc3 c5 3. g3 g6 4. Bg2 Nc6 5. Nf3 d6 6. d4 cxd4 7. Nxd4 Bd7 8. Nb3 Qc8 9. Bg5 Bg7 10. Nd5 Nxd5 11. cxd5 Ne5 12. Rc1 Qd8 13. O-O O-O 14. Qd2 Re8 15. h3 Qb6 16. Na5 Rac8 17. Be3 

0-1

[Event "26th Universiade Men"]
[Site "?"]
[Date "2011.08.19"]
[Round "?"]
[White "Kravtsiv, Martyn"]
[Black "Wang, Yue"]
[WhiteElo "2571"]
[BlackElo "2709"]
[Result "1/2-1/2"]

1. e4 g6 2. d4 Bg7 3. Nc3 d6 4. f4 Nf6 5. Nf3 O-O 6. Bd3 Nc6 7. e5 dxe5 8. fxe5 Nd5 9. Nxd5 Qxd5 10. c3 Bg4 11. h3 Bxf3 12. Qxf3 Qd7 13. Bf4 f6 14. Bc4+ e6 15. exf6 Rxf6 16. Qe2 b5 17. Bb3 Na5 18. Bg5 Nxb3 19. Bxf6 Nxa1 20. Bxg7 Kxg7 21. O-O Qd5 22. Rxa1 Rf8 23. Re1 Rf6 24. Qe5 c6 25. b3 h5 26. Re3 a5 27. a4 h4 28. Re2 bxa4 29. bxa4 g5 30. c4 Qxe5 31. Rxe5 Kg6 32. Kh2 Rf4 33. Rxe6+ Kf7 34. Rd6 c5 35. dxc5 Rxc4 36. c6 Rxa4 37. Rd5 Rc4 38. Rxg5 Rxc6 39. Rxa5 Kg6 40. Kg1 Rc2 41. Kf1 Rb2 42. Re5 Ra2 43. Re2 Ra1+ 44. Kf2 Kf5 45. Rb2 Ra5 46. Rc2 Rb5 47. Ra2 Rc5 48. Ke3 Rc3+ 49. Kd4 Rg3 50. Rf2+ Ke6 51. Ke4 Rg5 52. Ra2 Rg3 53. Rf2 Rg5 54. Ke3 Rg3+ 55. Ke2 Ke5 56. Kf1 Ra3 57. Rf8 Ra1+ 58. Kf2 Ra2+ 59. Kg1 Ra1+ 60. Kh2 Ra4 61. Rg8 Kf5 62. Rf8+ 

1/2-1/2

[Event "26th Universiade Men"]
[Site "?"]
[Date "2011.08.19"]
[Round "?"]
[White "Wang, Yue"]
[Black "Yilmaz, Mustafa"]
[WhiteElo "2709"]
[BlackElo "2519"]
[Result "1-0"]

1. Nf3 Nf6 2. c4 e6 3. g3 a6 4. Nc3 d5 5. d4 dxc4 6. Bg2 b5 7. Ne5 c6 8. O-O Bb7 9. b3 cxb3 10. axb3 Be7 11. Bg5 O-O 12. e3 h6 13. Bxf6 Bxf6 14. f4 Nd7 15. Rc1 Nxe5 16. fxe5 Be7 17. Qg4 Rc8 18. Ne4 Rc7 19. Nf6+ Kh8 20. Nh5 Bg5 21. Rf2 Rg8 22. Re1 Qe8 23. h4 Be7 24. Ref1 Bf8 25. Nf4 a5 26. Be4 a4 27. Bg6 Bb4 28. Bxf7 Qxf7 29. Ng6+ Qxg6 30. Qxg6 Bc8 31. bxa4 bxa4 32. Rf7 

1-0

[Event "26th Universiade Men"]
[Site "?"]
[Date "2011.08.21"]
[Round "?"]
[White "Rakhmanov, Aleksandr"]
[Black "Wang, Yue"]
[WhiteElo "2585"]
[BlackElo "2709"]
[Result "1/2-1/2"]

1. d4 Nf6 2. c4 e6 3. Nc3 Bb4 4. e3 O-O 5. Bd3 d5 6. Ne2 dxc4 7. Bxc4 c5 8. a3 Bxc3+ 9. bxc3 Qc7 10. Ba2 b6 11. Bb2 Ba6 12. O-O Rd8 13. Re1 Nc6 14. Nf4 Na5 15. Rc1 Bc4 16. Bxc4 Nxc4 17. Qe2 Na5 18. Rcd1 Rac8 19. g3 cxd4 20. cxd4 Qc2 21. Rd2 Qc4 22. Qf3 e5 23. Nh5 Nxh5 24. Qxh5 Qb3 25. Ba1 Qxa3 26. Rdd1 exd4 27. Bxd4 Qe7 28. Qg4 f6 29. Ba1 Nb3 30. Bb2 Nc5 31. e4 Qe6 32. Qf3 Qb3 33. Rxd8+ Rxd8 34. Qxb3+ Nxb3 35. e5 Nd2 36. Ra1 Nc4 37. Bc3 Rd3 38. Be1 Ra3 39. Rxa3 Nxa3 40. exf6 gxf6 41. Bc3 Kf7 42. Kf1 Ke6 43. Ke2 Nb5 44. Bb2 f5 45. f3 a5 46. g4 Nd6 47. h4 f4 48. h5 b5 49. Kd3 a4 50. Bd4 b4 51. g5 a3 52. g6 hxg6 53. h6 Nf7 54. h7 g5 

1/2-1/2

[Event "FIDE World Cup"]
[Site "?"]
[Date "2011.08.29"]
[Round "?"]
[White "Wang, Yue"]
[Black "Fier, Alexandr"]
[WhiteElo "2709"]
[BlackElo "2566"]
[Result "1/2-1/2"]

1. d4 Nf6 2. c4 e6 3. Nf3 d5 4. Nc3 c6 5. g3 dxc4 6. Bg2 b5 7. Ne5 Nd5 8. e4 Nxc3 9. bxc3 Be7 10. a4 b4 11. O-O a5 12. Nxc4 bxc3 13. Qb3 Bb4 14. Rd1 O-O 15. Bf4 Na6 16. Rac1 Ra7 17. Rxc3 Bxc3 18. Qxc3 Nb4 19. Bd6 Re8 20. Bc5 Rd7 21. Bb6 Qg5 22. h4 Qe7 23. Nxa5 Na6 24. Nxc6 Qf8 25. Bf1 f6 26. Na5 Qd6 27. Qc6 Qxc6 28. Nxc6 Rd6 29. Bb5 Bd7 30. Rc1 Bxc6 31. Rxc6 Rxc6 32. Bxc6 Rc8 33. Bb5 Rc1+ 34. Kg2 Nc7 35. Bd7 Kf7 36. Kf3 Ke7 37. Bc8 e5 38. a5 exd4 39. Bb7 Kd6 40. Bxd4 Ne6 41. Bb6 Nc5 42. Ba8 Nd7 43. Bd5 Ra1 44. Kg4 Ne5+ 45. Kf5 Ra3 46. f4 Nd7 47. Bg8 g6+ 48. Kg4 f5+ 49. Kh3 fxe4 50. Bxh7 Nxb6 51. axb6 e3 52. Kg2 e2 53. Kf2 

1/2-1/2